000 00362nam a2200133Ia 4500
008 240624s9999 xx 000 0 und d
041 _aeng
082 _a158.1 TSA
100 _aTSAOUSIDES THEO
245 _aBRAINBLOCKS OVERCOMING THE 7 HIDDEN BARR
260 _c2015
_aNew Delhi
_bPrentice Hall Press
300 _axxiii, : 248 : p. : cm. ; 20
365 _c
_b38
999 _c28178
_d28178